000 00991nmm a2200313 a 4500
001 ocm0002015405
003 TR-IsHL
005 20201028175446.0
008 181028s2013 tu tur
007 cr cn
020 _a9786055988739
035 _a2015405
_b(N$T)
050 0 4 _aPL316.1
_b.K37 2013
090 0 4 _aPL316.1
_b.K37 2013
100 1 _aKaranfil, Güllü
245 1 0 _aGagauz leksikologiyası :
_b11 kitap yazılar
_h[electronic resource] /
_cGüllü Karanfil
250 _a1. Baskı
260 _aAnkara :
_bBengü Yayınları,
_c2013
300 _a224 p.
500 _aKaynakça var.
650 4 _aDil ve Edebiyat
650 4 _aLanguage and Literature
650 0 _aGagauz dili
_x Dilbilgisi
650 0 _aGagauz language
_x Grammar
650 0 _aLeksikoloji
650 0 _aLexicology
650 7 _a LANGUAGE ARTS & DISCIPLINES / General
_2bisacsh
856 4 0 _uhttp://search.ebscohost.com/login.aspx?direct=true&scope=site&db=e011xww&AN=2015405
999 _c18679
_d18679